Normal view
MARC view
- Ph. D Thesis Structural Engineering.
Entry Topical Term
001 - CONTROL NUMBER
- control field: 27426
003 - CONTROL NUMBER IDENTIFIER
- control field: NUST
005 - DATE AND TIME OF LATEST TRANSACTION
- control field: 20200108163928.0
008 - FIXED-LENGTH DATA ELEMENTS
- fixed length control field: 200108|| aca||aabn | a|a d
040 ## - CATALOGING SOURCE
- Original cataloging agency: NUST
- Transcribing agency: NUST
150 ## - HEADING--TOPICAL TERM
- Topical term or geographic name entry element: Ph. D Thesis Structural Engineering.
670 ## - SOURCE DATA FOUND
- Source citation: Work cat.: (NUST)533494: Iftikhar, Hasnain 27419, Seismic casualty assessment of Khyber Pakhtunkhawa province, Pakistan /, 2014.
